Spomienka na univerzitnú profesorku MUDr. Boženu Štúrovu-Kuklovú, DrSc.

Bibliographic Details
Main Author: Redhammer, Rafael, 1934- (Author)
Format: Article
Language:Slovak
PhysicalDescription:Fotogr.
ISSN:1335-8359
Subjects:

MARC

LEADER 00000nab a2200000 a 4500
001 vtls000874774
003 SK-MaSNL
005 20260426083127.0
008 250429c2004 xo 0 slo
015 |a SNBRB2004/06-17238 
035 |a CLN000226326 
035 |a urn:nbn:sk:snk-ab32b1 
035 |a (urnnbn)urn:nbn:sk:snk:ar-a05jsp 
035 |a (uuid)0dcfb9c8-9ec7-4640-8321-a712db45f0bf 
040 |a SNKBUCL  |b slo  |c SNKBUCL  |e AACR2 
041 0 |a slo 
044 |a xo  |c SK 
080 |a 61-051:616.24-002.5:929 Štúrová-Kuklová Božena  |2 1997 
100 1 |a Redhammer, Rafael,  |d 1934-  |4 aut  |9 221065 
245 1 0 |a Spomienka na univerzitnú profesorku MUDr. Boženu Štúrovu-Kuklovú, DrSc.  |c Rafael Redhammer 
300 |b Fotogr. 
504 |a Bibliogr. odkazy 
600 1 7 |a Štúrová-Kuklová, Božena,  |d 1893-1977  |2 snkbucl  |9 199688 
650 0 7 |a tuberkulóza  |x komplikácie  |x diagnostika  |x terapia  |2 MESH  |9 1443198 
650 0 7 |a osobnosti významné  |2 MESH  |9 315451 
650 0 7 |a choroby pľúcne (špecializácia)  |x výchova a vzdelávanie  |x organizácia a riadenie  |2 MESH  |9 1439538 
650 0 7 |a biografie  |2 MESH  |9 111226 
650 0 7 |a výchova a vzdelávanie  |x organizácia a riadenie  |2 MESH  |9 1113872 
650 0 7 |a lekárske fakulty  |2 MESH  |9 78383 
651 7 |a Slovensko  |2 snkbucl  |9 14231 
651 7 |a Slovensko  |2 MESH  |9 14231 
655 7 |a články z novín a časopisov  |2 snkbucl  |9 267496 
773 0 |t Interná medicína  |g Roč. 4, č. 2 (2004), s. 140  |x 1335-8359 
850 |a Slovenská národná knižnica 
852 |a Slovenská národná knižnica 
954 |a odborná, vedecká literatúra pôvodná (slovenská)  |2 lita 
958 |a article2022 
958 |a MI 
958 |a SK 
958 |a BX 
958 |a OND 
958 |a EUIPO 
999 |c 2895866  |d 2897796